000 00598nam a22001817a 4500
008 160528b xxu||||| |||| 00| 0 eng d
020 _a0256-252564
082 _22002
_aDC658
_bM47m
100 _99550
_aGomez-Mejia, Luis R.
245 _aManagement/
_cLuis R. Mejia-Gomez and David B. Balkin.
260 _aBoston:
_bMcGraw-Hill,
_cc2002.
300 _axxxi, 448 pages:
_bcolor illustrations;
_c27 cm.
500 _aIncludes bibliographical references and indexes.
650 0 _99552
_aManagement
700 _99554
_aBalkin, David B.
_b1948-
365 _b2, 880.00
_cPhp
942 _2ddc
_cDC
999 _c2874
_d2874